| 000 | 00552nam a2200193 i 4500 | ||
|---|---|---|---|
| 001 | 96395 | ||
| 003 | ES-MaACL | ||
| 005 | 20250406000419.0 | ||
| 007 | t| | ||
| 008 | 050617s1971 sp ||||1| cat d | ||
| 100 | 1 |
_aMailer, Norman. _975572 |
|
| 245 | 1 | 0 |
_aFets de culture / _cNorman Mailer; [traducció de Manuel de Pedrolo]. |
| 250 | _a[1ª ed.]. | ||
| 260 |
_aBarcelona : _bEdicions, _c62. |
||
| 300 |
_a89 p. ; _c18 cm. |
||
| 700 | 1 |
_aPedrolo, Manuel de, _d1918-1991 _989937 |
|
| 852 |
_aES-MaACL _jC-42069 _bR.77746 |
||
| 999 |
_c96395 _d96395 |
||